000 01128cam a2200265 4500
001 ABS63561
008 000000n2001 000 0 eng u
035 _a(Sirsi) u111138
100 _aRedmond, J.
245 4 _aThe price of perfect justice
260 _c2001
490 _aBuilding
_v266(8169) 16 February 2001, 70-72(2)
520 _aA recent case unconnected with the construction industry "Antonelli v Allen" (2000) resulted in the successful plaintive paying 75% of the losers costs because several of its points had no legal merit. Although this seems a reasonable decision, the article considers some of the problems that could arise from this judgement in terms of construction arbitration.
590 _aABS
650 _aMANAGEMENT-DISPUTE AVOIDANCE, MANAGEMENT AND RESOLUTION-DISPUTE MANAGEMENT AND RESOLUTION-ARBITRATION
650 _aANTONELLI V ALLEN
650 _aCIVIL PROCEDURE RULES 1998
650 _aCONSTRUCTION DISPUTES
650 _aCOSTS
650 _aARBITRATORS
650 _aREASONABLENESS
650 _aCONSTRUCTION INDUSTRY
690 _aDispute resolution
_96236
942 _n0
999 _c66213
_d66213